| 000 | 00504 a2200181 4500 | ||
|---|---|---|---|
| 003 | OSt | ||
| 005 | 20231214121241.0 | ||
| 008 | 231214b |||||||| |||| 00| 0 eng d | ||
| 020 | _a9788173714948 | ||
| 040 | _coclc | ||
| 082 |
_a537.622 _bROY/P |
||
| 100 | 1 |
_aRoy, D. K. _94488 |
|
| 245 |
_aPhysics of semiconductor devices / _cDilip K Roy |
||
| 250 | _a2nd ed. | ||
| 260 |
_bUniversities press, _c2013. |
||
| 300 | _a472 p | ||
| 942 |
_2ddc _cBK _h537.622 _iROY/P _k537.622 _mROY/P |
||
| 999 |
_c44221 _d44221 |
||